Fábulas de Bocage (Registo nº 3874)

Detalhes MARC
000 -Etiqueta do registo
Cabeçalho 00787nam0a2200277 4500
005 - Identificador da versão
Campo de controlo 20240813122046.0
010 ## - Número internacional normalizado dos livros (ISBN)
Número (ISBN) 972430910X
021 ## - Número do Depósito Legal
Código do país PT
Número 217727/04
100 ## - Dados gerais de processamento
Dados gerais de processamento 20170511d2005 emay0pory5003 ba
102 ## - Pais de publicação ou produção
País de publicação Portugal
101 0# - Língua de publicação
Língua do texto, banda sonora, etc. Português
215 ## - Descrição física 
Indicação específica da natureza do documento e extensão da espécie 41 p.
Outras indicações físicas il. color
200 1# - Titulo e menção de responsabilidade
Título próprio Fábulas de Bocage
Primeira menção de responsabilidade introd. de José Jorge Letria
Outras menções de responsabilidade il. de André Letria
225 1# - Colecção 
Título próprio da colecção Grandes clássicos
205 ## - Menção da edição
Menção da edição 1ª ed
210 ## - Publicação, Distribuição, etc. 
Lugar da edição, distribuição, etc. Porto
Nome do editor, distribuidor, etc. Ambar
Data da publicação, distribuição, etc. 2005
606 ## - Nome comum usado como assunto
Número de registo de entrada de autoridade 0001358
Palavra de ordem Literatura portuguesa
Subdivisão de assunto Poesia
Código do sistema CA
675 ## - Classificação Decimal Universal (CDU)
Notação 821.134.3-1
Edição 3ª ed.
Língua da edição por
702 #0 - Nome de autor-pessoa física (responsabilidade secundária)
Número de registo de entrada de autoridade 0001843
Palavra de ordem Letria
Outra parte do nome não tomada para palavra de ordem José Jorge
Código de função Autor da introdução / Prefaciador
Número de registo de entrada de autoridade 0001844
Palavra de ordem Letria
Outra parte do nome não tomada para palavra de ordem André
Código de função Ilustrador / Técnico de desenho computorizado
700 #1 - Nome de autor-pessoa física (responsabilidade principal)
Número de registo de entrada de autoridade 0001842
Palavra de ordem Bocage
Datas 1765-1805
966 ## - Identificação da Biblioteca
Sigla EBVEN
942 ## - Elementos de entrada adicionados (Koha)
Tipo de item no Koha Livro
Exemplares
Situação do levantamento Origin of item (home branch) (coded) Biblioteca de empréstimo Código de barras Cota Circulation type (not for loan) Tipo de documento Nota do exemplar Damaged status
  Biblioteca Escolar das Vendas Biblioteca Escolar das Vendas BEV1026 8POR BOC   Livro Sem mensagem